| 000 | 01822nam0a2200373 4500 | ||
|---|---|---|---|
| 001 | RU\NLR\bibl\67698 | ||
| 005 | 20260405105656.0 | ||
| 021 |
_aRU _b1998-40467 _91944 |
||
| 035 | _a(NLR Aleph) 000066050 | ||
| 090 |
_a362092 _c362092 |
||
| 100 | _a20000131d1998 |||y0rusy50 ca | ||
| 101 | 0 |
_arus _deng |
|
| 102 | _aRU | ||
| 105 | _ay ||||||||| | ||
| 200 | 1 |
_aРэлеевские волны в анизотропных средах. Некоторые аналитические решения для кубических кристаллов _fА.В. Капцов, С.В. Кузнецов |
|
| 210 |
_aМ. _cИПМ _d1998 |
||
| 215 |
_a24 с. _cил. _d20 |
||
| 225 | 1 |
_aПрепринт _fИн-т пробл. механики РАН _vN 623 |
|
| 300 | _aРез. на англ. яз. | ||
| 320 | _aБиблиогр.: с. 23 (18 назв.) | ||
| 517 | 0 | _aНекоторые аналитические решения для кубических кристаллов | |
| 606 | 0 |
_aВолны Рэлея _xРаспространение в анизотропных средах _92147718 _3RU\NLR\auth\661293768 |
|
| 606 | 0 |
_aРэлея волны _xРаспространение в анизотропных средах _92149999 _3RU\NLR\auth\661294876 |
|
| 686 | _aВ251.196.6 | ||
| 700 | 1 |
_4070 _aКапцов _bА. В. _cканд. физ.-мат. наук, механика _gАлександр Викторович _9185201 _3RU\NLR\AUTH\770185252 |
|
| 701 | 1 |
_4070 _8rus _7ca _aКузнецов _bС. В. _cд-р физ.-мат. наук _gСергей Владимирович _3RU\NLR\auth\7740957 _923908 |
|
| 801 | 0 |
_aRU _bNLR _c20000131 _gPSBO |
|
| 801 | 1 |
_aRU _bNLR _c20000131 |
|
| 830 | _aАвт. по кн. | ||
| 852 |
_aNLR _j99-4/9383 |
||
| 942 | _cBOOK | ||
| 980 | _aNB | ||